Hướng dẫn bảo quản giống cây trồng tại gia đình

Bewaard in:
Bibliografische gegevens
Hoofdauteur: Rosemary Morrow
Formaat: Boek
Taal:Undetermined
Gepubliceerd in: HHà Nội Phụ nữ 2003
Onderwerpen:
Tags: Voeg label toe
Geen labels, Wees de eerste die dit record labelt!
Thư viện lưu trữ: Trung tâm Học liệu Trường Đại học Cần Thơ
LEADER 00627nam a2200205Ia 4500
001 CTU_59939
008 210402s9999 xx 000 0 und d
020 |c 5000 
082 |a 631.53 
082 |b M872 
100 |a Rosemary Morrow 
245 0 |a Hướng dẫn bảo quản giống cây trồng tại gia đình 
245 0 |c Rosemary Morrow; Nguyễn Thanh Tâm biên dịch 
260 |a HHà Nội 
260 |b Phụ nữ 
260 |c 2003 
650 |a plant breeding,plants 
650 |x collection and preservation 
904 |i Minh 
980 |a Trung tâm Học liệu Trường Đại học Cần Thơ